[Event "Quebec-ch U10"]
[Site "Montreal"]
[Date "2010.11.28"]
[Round "4"]
[White "Wang, Kelly"]
[Black "Yip, William"]
[Result "1-0"]
[WhiteElo "1523"]
[BlackElo "1554"]
[PlyCount "71"]
[EventDate "2010.11.26"]
[EventType "swiss"]
[EventRounds "5"]
[EventCountry "CAN"]
[SourceTitle "EXT 2013"]
[Source "ChessBase"]
[SourceDate "2012.11.22"]
[SourceVersion "1"]
[SourceVersionDate "2012.11.22"]
[SourceQuality "1"]

1. e4 d5 2. exd5 Qxd5 3. Nc3 Qd6 4. d4 Nf6 5. Be2 a6 6. Nf3 e6 7. Bg5 Be7 8. Bxf6 Bxf6 9. 0-0 Nc6 10. Ne4 Qf4 11. Nxf6+ Qxf6 12. c3 0-0 13. Bd3 Rd8 14. Qc2 h6 15. Rfe1 b5 16. Be4 Bb7 17. Ne5 Rd6 18. Nxc6 Bxc6 19. Bxc6 Rxc6 20. Qe4 e5 21. dxe5 Qe6 22. f4 Re8 23. f5 Qc4 24. Qd4 Qc5 25. Rad1 Rd8 26. Qxc5 Rxd1 27. Qxc6 Rxe1+ 28. Kf2 Rxe5 29. Qxc7 Rxf5+ 30. Ke3 Rf6 31. b3 Kh7 32. c4 Re6+ 33. Kd3 f6 34. c5 Re5 35. Qxe5 fxe5 36. c6 1-0